| 000 | 00814nam a2200253 a 4500 | ||
|---|---|---|---|
| 001 | BRCA_7224 | ||
| 005 | 20190320205746.0 | ||
| 008 | 180112s1939----mx-a######---#000-0#spa-# | ||
| 041 | _aspa | ||
| 044 | _amx | ||
| 050 | 4 |
_aZ7840.F8 _b.Z97 |
|
| 100 | 1 |
_aZulaica Gárate, Román _963 |
|
| 245 | 1 | 0 |
_aLos franciscanos y la imprenta en México en el siglo XVI _cestudio bio-bibliográfico por Román Zulaica Gárate. |
| 260 |
_aMéxico, D.F. _bEditorial Pedro Robredo _c1939 |
||
| 300 |
_a373 p. _bil. _c23 cm. |
||
| 500 | _aP121 | ||
| 650 | 1 | 4 |
_aImprenta _xHistoria _97419 |
| 650 | 1 | 4 |
_aImprenta _zMéxico _98166 |
| 650 | 1 | 4 |
_aIncunables _xHistoria _917902 |
| 650 | 1 | 4 |
_aBibliografía _ePrimeros libros impresos _ySiglos XV y XVI _917903 |
| 650 | 1 | 4 |
_aFranciscanos en México _917904 |
| 902 | _aGFM | ||
| 942 |
_2lcc _cB |
||
| 999 |
_c6905 _d6905 |
||